|
|
|
|
| LEADER |
00618cam a2200205ua 4500 |
| 008 |
100107t2003||||||||||| 00 ||eng c |
| 020 |
|
|
|a 81-87621-53-2
|
| 041 |
0 |
|
|a eng
|
| 082 |
|
|
|a 307.1412
|b KER.50
|
| 245 |
1 |
0 |
|a Environmental quality and health in Nattakom Panchayat /
|
| 250 |
|
|
|a 1st
|
| 260 |
|
|
|a Thiruvananthapuram:
|b CDS,
|c 2003.
|
| 300 |
|
|
|a 48p.
|
| 362 |
1 |
|
|a 2003.
|
| 650 |
|
|
|a Environment
|
| 650 |
0 |
|
|a Health
|
| 700 |
0 |
2 |
|a Valsakumar, N.
|
| 942 |
|
|
|c REF
|
| 999 |
|
|
|c 21694
|d 21694
|
| 952 |
|
|
|0 0
|1 0
|4 0
|6 307_141200000000000_KER_5
|7 0
|9 22972
|a KUCL
|b KUCL
|d 2014-05-23
|l 0
|o 307.1412 KER.5
|p G0311
|r 2014-05-23
|w 2014-05-23
|y REF
|